| 000 | 02189nam a2200337 a 4500 | ||
|---|---|---|---|
| 001 | ebr10623361 | ||
| 003 | CaPaEBR | ||
| 006 | m u | ||
| 007 | cr cn||||||||| | ||
| 008 | 090515s2008 enk sbq 001 0 eng d | ||
| 010 | _z 2009290963 | ||
| 020 | _z0719075939 | ||
| 020 | _z9780719075933 | ||
| 020 | _z9781847791627 (e-book) | ||
| 040 |
_aCaPaEBR _cCaPaEBR |
||
| 035 | _a(OCoLC)820127465 | ||
| 050 | 1 | 4 |
_aPN1995.9.H6 _bB58 2008eb |
| 082 | 0 | 4 |
_a791.436164 _222 |
| 100 | 1 | _aBlake, Linnie. | |
| 245 | 1 | 4 |
_aThe wounds of nations _h[electronic resource] : _bhorror cinema, historical trauma and national identity / _cLinnie Blake. |
| 260 |
_aManchester ; _aNew York : _bManchester University Press, _cc2008. |
||
| 300 | _avi, 223 p. | ||
| 504 | _aIncludes bibliographical references (p. [201]-217) and index. | ||
| 504 | _aIncludes filmography. | ||
| 505 | 0 | _aGerman and Japanese horror : the traumatic legacy of the Second World War. The horror of the Nazi past in the reunification present : J�org Buttgereit's Nekromantiks ; Nihonjinron, women, horror : post-war national identity and the spirit of subaltern vengeance in Ringu and The ring -- The traumatised 1970s and the threat of apocalypse now. 'Consumed out of the good land' : George A. Romero's horror of the 1970s ; All hail to the serial killer : America's last frontier hero in the age of Reaganite eschatology and beyond -- From Vietnam to 9/11 : the orientalist other and the American poor white. 'Squealing like a pig' : the War on Terror and the resurgence of hillbilly horror after 9/11 -- New Labour new horrors : the post-Thatcherite crisis of British masculinity. Zombies, dog men and dragon : generic hybridity and gender crisis in British horror of the new millennium. | |
| 533 |
_aElectronic reproduction. _bPalo Alto, Calif. : _cebrary, _d2011. _nAvailable via World Wide Web. _nAccess may be limited to ebrary affiliated libraries. |
||
| 650 | 0 |
_aHorror films _xHistory and criticism. |
|
| 655 | 7 |
_aElectronic books. _2local |
|
| 710 | 2 | _aebrary, Inc. | |
| 856 | 4 | 0 |
_uhttp://site.ebrary.com/lib/rucke/Doc?id=10623361 _zAn electronic book accessible through the World Wide Web; click to view |
| 999 |
_c159084 _d159084 |
||